| 000 | 00749nam a2200229 i 4500 | ||
|---|---|---|---|
| 001 | bg | ||
| 100 | 1 | _aKAMIŃSKI, Ireneusz C. | |
| 245 | 1 | 0 |
_aPrawo pochodne Unii Europejskiej / _cIreneusz C. Kamiński. |
| 250 | _aStan prawny na 1 maja 2005 r. | ||
| 260 |
_aWarszawa : _bWydaw. Prawnicze "LexisNexis", _c2005. |
||
| 300 |
_a434 s. ; _c24 cm. |
||
| 650 | 9 |
_aPrawo wspólnotowe europejskie _ystan na 2005 r. |
|
| 015 | _aPB 12321/2005 | ||
| 020 | _a8373344667 | ||
| 040 | _cBPK | ||
| 041 | 0 | _apol | |
| 080 | _a341.12(4-67)(094.4) | ||
| 920 | _a83-7334-466-7 | ||
| 942 | _cKS | ||
| 008 | s pl f |000 0 pol | ||
| 999 |
_c51100 _d51100 |
||
| 856 |
_uhttp://koha.tu.koszalin.pl/cgi-bin/koha/opac-detail.pl?biblionumber=51100 _yKatalog online BPK |
||